000 00448nam a2200133Ia 4500
008 100328s9999 xx 000 0 und d
082 _b13967
100 _aगावडे प्र.ल.
245 _aविनायक दामोदर सावरकर
260 _bश्री
630 _aविनायक दामोदर सावरकर
730 _aविनायक दामोदर सावरकर
942 _cBOOK
999 _c508982
_d508979